The handbook of optical communication networks / (Record no. 176003)

000 -LEADER
fixed length control field 01420 a2200229 4500
003 - CONTROL NUMBER IDENTIFIER
control field Nust
005 - DATE AND TIME OF LATEST TRANSACTION
control field 20170207152515.0
010 ## - LIBRARY OF CONGRESS CONTROL NUMBER
LC control number 2002041297
020 ## - INTERNATIONAL STANDARD BOOK NUMBER
International Standard Book Number 0849313333 (alk. paper)
040 ## - CATALOGING SOURCE
Transcribing agency Nust
082 00 - DEWEY DECIMAL CLASSIFICATION NUMBER
Classification number 621.3827
245 04 - TITLE STATEMENT
Title The handbook of optical communication networks /
Statement of responsibility, etc. edited by Mohammad Ilyas, Hussein T. Mouftah.
260 ## - PUBLICATION, DISTRIBUTION, ETC.
Place of publication, distribution, etc. Boca Raton :
Name of publisher, distributor, etc. CRC Press,
Date of publication, distribution, etc. c2003.
300 ## - PHYSICAL DESCRIPTION
Extent 470 p. :
Other physical details ill. ;
Dimensions 25 cm.
440 #0 - SERIES STATEMENT/ADDED ENTRY--TITLE
Title Electrical engineering handbook series ;
Volume/sequential designation 30
505 ## - FORMATTED CONTENTS NOTE
Formatted contents note Overview of Optical Communication Network (Page-1) Evolution of Optical Network Architecture (Page-29) Design of Optical Communication network (Page-45) Evolution to and Optical Broadband Services Network(Page-93)Multiprotocol Label Switching (Page-93) Dynamic Synchronous Transfer Mode (Page-103) A Survey on Fair Bandwidth Allocation for Multicast (Page-111) Emerging Optical network Management (Page-121)Optical Network Resource Management and Allocation (Page-149) Real Time Provisional of optical (Page-175) Routing and Wavelength assignment with Multi…….(Page-195)Adaptive Routing (Page-221) Fiber optic Sensor (Page-407) Wavelength Converters (Page-433).
538 ## - SYSTEM DETAILS NOTE
System details note Almirah No 26 Shelf No 6
650 #0 - SUBJECT ADDED ENTRY--TOPICAL TERM
Topical term or geographic name entry element Telecommunication engineering
700 1# - ADDED ENTRY--PERSONAL NAME
Personal name Ilyas, Mohammad,
Dates associated with a name 1953-
700 1# - ADDED ENTRY--PERSONAL NAME
Personal name Mouftah, Hussein T.
856 42 - ELECTRONIC LOCATION AND ACCESS
Materials specified Publisher description
Uniform Resource Identifier <a href="http://www.loc.gov/catdir/enhancements/fy0646/2002041297-d.html">http://www.loc.gov/catdir/enhancements/fy0646/2002041297-d.html</a>
942 ## - ADDED ENTRY ELEMENTS (KOHA)
Koha item type Reference
Holdings
Withdrawn status Lost status Source of classification or shelving scheme Damaged status Not for loan Collection code Permanent Location Current Location Date acquired Total Checkouts Full call number Barcode Date last seen Price effective from Koha item type
            Military College of Signals (MCS) Military College of Signals (MCS) 12/12/2016   621.3827 THE MCS31641 12/08/2016 12/12/2016 Book
© 2023 Central Library, National University of Sciences and Technology. All Rights Reserved.